Just Add One Letter #2 - Statistics

General Stats
  • This quiz has been taken 80 times
  • The average score is 10 of 16
Answer Stats
Category Hint Answer % Correct
Green Categories A baseball player after 3 strikes Out
84%
Blue Categories To cook in oil Fry
81%
Pink Categories It's worth 11 points in Blackjack Ace
74%
Green Categories Disgruntled face expression Pout
74%
Pink Categories You can find them on shoes Lace
73%
Pink Categories Location Place
71%
Pink Categories A castle or other living place for a ruler Palace
69%
Green Categories The Itsy Bitsy Spider climbed up this Spout
68%
Blue Categories Could describe how a bear feels Furry
66%
Blue Categories Extreme anger Fury
66%
Green Categories Youngling plant Sprout
66%
Blue Categories Might be used to describe snow Flurry
63%
Red Categories On fire, or perhaps very cool Lit
48%
Red Categories Low-sugar alternative to a beverage Lite
47%
Red Categories Metric system measurement Liter
45%
Red Categories Agile; graceful Lither
29%
No matching quizzes found
Score Distribution
Percent of People with Each Score
Percentile by Number Answered
Your Score History
You have not taken this quiz